¿Qué es la historia? / (Record no. 115165)

MARC details
000 -CABECERA
campo de control de longitud fija 00605nam a2200205 a 4500
005 - FECHA Y HORA DE LA ÚLTIMA TRANSACCIÓN
campo de control 20240924070653.0
008 - ELEMENTOS DE LONGITUD FIJA--INFORMACIÓN GENERAL
campo de control de longitud fija 991125s2001 es 000 0 spa u
020 ## - NÚMERO INTERNACIONAL NORMALIZADO PARA LIBROS
Número Internacional Estándar del Libro 8434466392
035 ## - NÚMERO DE CONTROL DEL SISTEMA
Número de control de sistema UPN01000143018
049 ## - COLECCIÓN
Colección CG
050 #4 - SIGNATURA TOPOGRÁFICA DE LA BIBLIOTECA DEL CONGRESO
Número de clasificación D16
Número de documento/Ítem C3.68a
100 1# - ASIENTO PRINCIPAL--NOMBRE PERSONAL
Nombre de persona Carr, Edward Hallett,
Fechas asociadas al nombre 1892-1982
9 (RLIN) 33015
245 11 - MENCIÓN DE TÍTULO
Título ¿Qué es la historia? /
Mención de responsabilidad, etc. Edward H. Carr ; tr. Joaquín Romero Maura.
260 ## - PUBLICACIÓN, DISTRIBUCIÓN, ETC.
Lugar de publicación, distribución, etc. Barcelona, Esp. :
Nombre del editor, distribuidor, etc. Ariel,
Fecha de publicación, distribución, etc. 2001.
300 ## - DESCRIPCIÓN FÍSICA
Extensión 228 p.
440 #0 - MENCIÓN DE SERIE/ASIENTO SECUNDARIO--TÍTULO
Título Ariel historia
500 ## - NOTA GENERAL
Nota general En la portada: Edición definitiva
650 #4 - ASIENTO SECUNDARIO DE MATERIA - TERMINO TEMATICO
Término de materia o nombre geográfico como elemento de entrada Historia
Subdivisión general Filosofía
9 (RLIN) 6938
905 ## - TIPO DE MATERIAL
Tipo de material Libro
Holdings
Estado de retiro Estado de pérdida Fuente del sistema de clasificación o colocación Estado dañado No para préstamo Código de colección Localización permanente Ubicación/localización actual Ubicación en estantería Fecha de adquisición Total de préstamos Clasificación Código de barras Fecha visto por última vez Fecha del último préstamo Número de copia Tipo de ítem Koha
    Library of Congress Classification     Colección General Bib. Gregorio Torres Quintero Bib. Gregorio Torres Quintero Planta baja 12/08/2022 34 D16 C3.68a 231774 23/10/2023 17/10/2023 1 Libro